Eval d'impro (Chansons) - Star Académy 2022 - Statistiques

Statistiques générales
  • Ce quiz a été pris 220 fois
  • Le résultat moyen est 5 sur 8
Statistiques - réponses
Hint Réponse % Correct
Au soleil - Jenifer Anisha
81%
Au bout de mes rêves - Jean-Jacques Goldman Chris
66%
Et Bam - Mentissa M Louis
66%
Je viens du sud - Chimène Badi Tiana
66%
Lucie - Pascal Obispo Julien
63%
Chanter - Florent Pagny Léa
60%
Comme d'habitude - Claude François Enola
58%
Longtemps - Amir Stan
52%
Aucun quiz correspondant
Distribution des résultats
% des personnes avec chaque résultat
Percentile par nombre de réponses
Votre historique - résultats
Vous n’avez pas pris ce quiz